Land reforms in India (Record no. 352151)
[ view plain ]
| 000 -LEADER | |
|---|---|
| fixed length control field | 00384cam a22001337a 4500 |
| 008 - FIXED-LENGTH DATA ELEMENTS--GENERAL INFORMATION | |
| fixed length control field | 180718b1984 xxu||||| |||| 00| 0 eng d |
| 082 ## - DEWEY DECIMAL CLASSIFICATION NUMBER | |
| Classification number | Y15x54 R137L |
| 245 ## - TITLE STATEMENT | |
| Title | Land reforms in India |
| Statement of responsibility, etc. | edited by A.R. Rajapurohit |
| 260 ## - PUBLICATION, DISTRIBUTION, ETC. | |
| Place of publication, distribution, etc. | New Delhi |
| Name of publisher, distributor, etc. | Ashish |
| Date of publication, distribution, etc. | 1984 |
| 300 ## - PHYSICAL DESCRIPTION | |
| Extent | 216p. |
| 650 ## - SUBJECT ADDED ENTRY--TOPICAL TERM | |
| Topical term or geographic name entry element | Land tenure - India - Karnataka |
| 650 ## - SUBJECT ADDED ENTRY--TOPICAL TERM | |
| Topical term or geographic name entry element | Land tenure - India |
| 700 ## - ADDED ENTRY--PERSONAL NAME | |
| Personal name | Rajapurohit, A.R. |
| Withdrawn status | Lost status | Damaged status | Not for loan | Permanent Location | Current Location | Date acquired | Full call number | Barcode | Date last seen | Price effective from | Koha item type |
|---|---|---|---|---|---|---|---|---|---|---|---|
| Indian Institute of Public Administration | Indian Institute of Public Administration | 2002-02-19 | Y15x5422 J559/7 | DA6206 | 2018-07-21 | 2018-07-21 | DA | ||||
| Indian Institute of Public Administration | Indian Institute of Public Administration | 2010-03-11 | Y15x54 V9 | 75629 | 2018-07-21 | 2018-07-21 | Book | ||||
| Indian Institute of Public Administration | Indian Institute of Public Administration | 2010-03-11 | Y15x54 V9 | 71760 | 2018-07-21 | 2018-07-21 | Book | ||||
| Indian Institute of Public Administration | Indian Institute of Public Administration | 2010-03-11 | Y15x54 V9 | 69927 | 2018-07-21 | 2018-07-21 | Book | ||||
| Indian Institute of Public Administration | Indian Institute of Public Administration | 1993-11-19 | Y15x54 R137L | 60210 | 2018-07-21 | 2018-07-21 | Book |
